000
00410nam a2200133Ia 4500
008
100328s9999 xx 000 0 und d
082
_b
38269
100
_a
गडकर रेचल
245
_a
हेमाली,पोटल्या
260
_b
मॅजेस्टिक
630
_a
हेमाली,पोटल्या
730
_a
हेमाली,पोटल्या
942
_c
BOOK
999
_c
527507
_d
527504